| 000 | 01274nam a2200325Ia 4500 | ||
|---|---|---|---|
| 001 | ebr10196621 | ||
| 003 | CaPaEBR | ||
| 006 | m u | ||
| 007 | cr cn||||||||| | ||
| 008 | 060621s2007 enk sb 001 0 eng d | ||
| 020 | _z9780713681543 (pbk.) | ||
| 020 | _z0713681543 (pbk.) | ||
| 040 |
_aCaPaEBR _cCaPaEBR |
||
| 035 | _a(OCoLC)614469982 | ||
| 050 | 1 | 4 |
_aHD66 _b.M36 2007eb |
| 082 | 0 | 4 |
_a658.4022 _222 |
| 245 | 0 | 0 |
_aManage teams successfully _h[electronic resource] : _bhow to work with others and come up with results. |
| 260 |
_aLondon : _bA & C Black, _c2007. |
||
| 300 | _aviii, 88 p. | ||
| 490 | 1 | _aSteps to success | |
| 500 | _aAt head of cover: "Business, the ultimate resource." | ||
| 504 | _aIncludes bibliographical references and index. | ||
| 533 |
_aElectronic reproduction. _bPalo Alto, Calif. : _cebrary, _d2009. _nAvailable via World Wide Web. _nAccess may be limited to ebrary affiliated libraries. |
||
| 650 | 0 |
_aTeams in the workplace _xManagement. |
|
| 650 | 0 | _aWork environment. | |
| 655 | 7 |
_aElectronic books. _2local |
|
| 710 | 2 | _aebrary, Inc. | |
| 830 | 0 | _aSteps to success (A & C Black) | |
| 856 | 4 | 0 |
_uhttp://site.ebrary.com/lib/rucke/Doc?id=10196621 _zAn electronic book accessible through the World Wide Web; click to view |
| 999 |
_c115621 _d115621 |
||